000 00886cam a2200325 a 4500
001 995817
003 OSt
005 20140310183628.0
008 870515s1984 ph a 000 0 eng
010 _a 86161965
020 _a9712328961
040 _aDLC
_cDLC
_dDLC
043 _aa-ph---
050 0 0 _aKPM 880
_b.D4 2000
100 1 _aDe Leon, Hector S.
245 1 4 _aThe law on negotiable instruments (with documents of title) /
_cby Hector S. De Leon.
260 _aManila, Philippines :
_bRex Book Store,
_c2000.
300 _axxiii, 361 p. :
_bill. ;
_c22 cm.
521 _aBSBA
650 0 _aNegotiable instruments
_zPhilippines.
906 _a7
_bcbc
_corignew
_d4
_encip
_f19
_gy-gencatlg
942 _2lcc
_cBK
_kLOC
999 _c25556
_d25556